<?xml version="1.0" encoding="UTF-8"?><?xml-stylesheet type="text/xsl" href="static/style.xsl"?><OAI-PMH xmlns="http://www.openarchives.org/OAI/2.0/" xmlns:xsi="http://www.w3.org/2001/XMLSchema-instance" xsi:schemaLocation="http://www.openarchives.org/OAI/2.0/ http://www.openarchives.org/OAI/2.0/OAI-PMH.xsd"><responseDate>2026-04-17T23:16:59Z</responseDate><request verb="GetRecord" identifier="oai:www.recercat.cat:20.500.12327/2357" metadataPrefix="marc">https://recercat.cat/oai/request</request><GetRecord><record><header><identifier>oai:recercat.cat:20.500.12327/2357</identifier><datestamp>2025-10-22T11:32:28Z</datestamp><setSpec>com_2072_4428</setSpec><setSpec>com_2072_4427</setSpec><setSpec>col_2072_487898</setSpec></header><metadata><record xmlns="http://www.loc.gov/MARC21/slim" xmlns:dcterms="http://purl.org/dc/terms/" xmlns:xsi="http://www.w3.org/2001/XMLSchema-instance" xmlns:doc="http://www.lyncode.com/xoai" xsi:schemaLocation="http://www.loc.gov/MARC21/slim http://www.loc.gov/standards/marcxml/schema/MARC21slim.xsd">
   <leader>00925njm 22002777a 4500</leader>
   <datafield ind2=" " ind1=" " tag="042">
      <subfield code="a">dc</subfield>
   </datafield>
   <datafield ind2=" " ind1=" " tag="720">
      <subfield code="a">Nazco, R.</subfield>
      <subfield code="e">author</subfield>
   </datafield>
   <datafield ind2=" " ind1=" " tag="720">
      <subfield code="a">Peña, R.J.</subfield>
      <subfield code="e">author</subfield>
   </datafield>
   <datafield ind2=" " ind1=" " tag="720">
      <subfield code="a">Ammar, K.</subfield>
      <subfield code="e">author</subfield>
   </datafield>
   <datafield ind2=" " ind1=" " tag="720">
      <subfield code="a">Villegas, D.</subfield>
      <subfield code="e">author</subfield>
   </datafield>
   <datafield ind2=" " ind1=" " tag="720">
      <subfield code="a">Crossa, J.</subfield>
      <subfield code="e">author</subfield>
   </datafield>
   <datafield ind2=" " ind1=" " tag="720">
      <subfield code="a">Moragues, M.</subfield>
      <subfield code="e">author</subfield>
   </datafield>
   <datafield ind2=" " ind1=" " tag="720">
      <subfield code="a">Royo, C.</subfield>
      <subfield code="e">author</subfield>
   </datafield>
   <datafield ind2=" " ind1=" " tag="260">
      <subfield code="c">2013-01-23</subfield>
   </datafield>
   <datafield ind2=" " ind1=" " tag="520">
      <subfield code="a">The allelic composition at five glutenin loci was assessed by one-dimensional sodium dodecyl sulphate&#xd;
polyacrylamide gel electrophoresis (1D SDS–PAGE) on a set of 155 landraces (from 21 Mediterranean countries)&#xd;
and 18 representative modern varieties. Gluten strength was determined by SDS-sedimentation on samples grown&#xd;
under rainfed conditions during 3 years in north-eastern Spain. One hundred and fourteen alleles/banding patterns&#xd;
were identified (25 at Glu-1 and 89 at Glu-2/Glu-3 loci); 0·85 of them were in landraces at very low frequency and&#xd;
0·72 were unreported. Genetic diversity index was 0·71 for landraces and 0·38 for modern varieties. All modern&#xd;
varieties exhibited medium to strong gluten type with none of their 13 banding patterns having a significant effect&#xd;
on gluten-strength type. Ten banding patterns significantly affected gluten strength in landraces. Alleles Glu-B1e&#xd;
(band 20), Glu-A3a (band 6), Glu-A3d (bands 6+11), Glu-B3a (bands 2+4+15+19) and Glu-B2a (band 12)&#xd;
significantly increased the SDS-value, and their effects were associated with their frequency. Two alleles, Glu-A3b&#xd;
(band 5) and Glu-B2b (null), significantly reduced gluten strength, but only the effect of the latter locus could be&#xd;
associated with its frequency. Only three rare banding patterns affected gluten strength significantly: Glu-B1a&#xd;
(band 7), found in six landraces, had a negative effect, whereas banding patterns 2+4+14+15+18 and&#xd;
2+4+15+18+19 at Glu-B3 had a positive effect. Landraces with outstanding gluten strength were more frequent&#xd;
in eastern than in western Mediterranean countries. The geographical pattern displayed from the frequencies of&#xd;
Glu-A1c is discussed.</subfield>
   </datafield>
   <datafield ind1="8" ind2=" " tag="024">
      <subfield code="a">Nazco, R., R. J. Peña, K. Ammar, D. Villegas, J. Crossa, M. Moragues, and C. Royo. 2013. "Variability In Glutenin Subunit Composition Of Mediterranean Durum Wheat Germplasm And Its Relationship With Gluten Strength". The Journal Of Agricultural Science 152 (3): 379-393. doi:10.1017/s0021859613000117.</subfield>
   </datafield>
   <datafield ind1="8" ind2=" " tag="024">
      <subfield code="a">0021-8596</subfield>
   </datafield>
   <datafield ind1="8" ind2=" " tag="024">
      <subfield code="a">http://hdl.handle.net/20.500.12327/2357</subfield>
   </datafield>
   <datafield ind1="8" ind2=" " tag="024">
      <subfield code="a">https://doi.org/10.1017/S0021859613000117</subfield>
   </datafield>
   <datafield ind2="0" ind1="0" tag="245">
      <subfield code="a">Variability in glutenin subunit composition of Mediterranean durum wheat germplasm and its relationship with gluten strength</subfield>
   </datafield>
</record></metadata></record></GetRecord></OAI-PMH>